LEADER 02213cam a22003617i 4500 001 991003215029707536 005 20250430130144.0 008 950801m17601766sz aef b 000 0 ita d 035 $ab14298193-39ule_inst 035 $aCICOGNARA-A2012-0483$9ExL 040 $aBibl. Interfacoltà T. Pellegrino$bita 100 1 $aVittone, Bernardo Antonio$d<1702-1770>$0717936 245 10$aIstruzioni elementari per indirizzo de' giovani allo studio dell'architettura civile$bdivise in libri tre', e dedicate alla maestà infinita di Dio ottimo massimo$cda Bernardo Antonio Vittone ... 246 10$aStudio d'archit. civile.$bDisegni in seguito al tomo I. 246 10$aIstruzioni diverse concernenti l'officio dell'architetto civile ...$bDivise in due liblri e didecate alla gran vergine e madre di Dio Maria Santissima. 260 $aLugano :$bpresso gli Agnelli,$c1760-1766. 300 $a4 v. :$bill., piante, tav. (pt. ripieg.); $c4° (26 cm). 500 $aTit. del vol. 2.: "Studio d'archit. civile. Disegni in seguito al tomo I". 500 $aTit. del vol. 3.: "Istruzioni diverse concernenti l'officio dell'architetto civile ... Divise in due liblri e didecate alla gran vergine e madre di Dio Maria Santissima". 500 $aI voll. 2. e 4. hanno front. inciso. 500 $aVol. 4. pubblicato: Torino: presso Francesco Prato libraio. 500 $aFrontoni, iniziali, finali xilografici. 500 $aIncisioni calcografiche. 500 $aRiproduzione in microfiche dell'originale conservato presso la Biblioteca Apostolica Vaticana 700 1 $aBelmond, Giovanni Antonio$d<1696-1775> 787 18$iLeopoldo Cicognara Program :$tBiblioteca Cicognara$h[microform] : literary sources in the history of art and kindred subjects 787 18$tCatalogo ragionato dei libri d'arte e d'antichità / Leopoldo Cicognara 907 $a.b14298193$b01-04-22$c28-07-16 912 $a991003215029707536 945 $aLE002 SB Raccolta Cicognara, mcrf 690$g0$lle002$pE0.00$rn$so $t11$u0$v0$w0$x0$y.i15769707$z28-07-16 996 $aIstruzioni elementari per indirizzo de' giovani allo studio dell'architettura civile$91391634 997 $aUNISALENTO 998 $ale002$b28-07-16$cm$dg $e-$fita$gsz $h0$i1